| 000 | 00416nam a2200121Ia 4500 | ||
|---|---|---|---|
| 008 | 160609s9999 xx 000 0 und d | ||
| 100 | _aWaters, Stewart. | ||
| 245 | _aEssentials Of Middle And Secondary Social Studies | ||
| 245 | _cBy:Stewart Waters, Thomas N. Turner, William B. Russell III | ||
| 260 | _c2013 | ||
| 650 | _xSOCIAL STUDIES TEACHING | ||
| 856 | _uhttp://file.ebook777.com/007/EssOfMidAndSecSocStu.pdf | ||
| 999 |
_c295867 _d295867 |
||